000 01059nam a22002537a 4500
005 20240530110611.0
008 161108s2014 jo a g b 000 0 ara d
017 _a2013/11/4015
_bالاردن . دائرة المكتبة الوطنية
020 _a9789957172237
040 _aEG-CaGPL
_cEG-CaGPL
082 0 4 _221
_a371\
_bغ م
100 0 _aغازى عنيزان الرشيدى .
245 1 0 _aمدارس المستقبل فى دولة الكويت :
_bنظرة على الفكر و تحليل للممارسة /
_cتاليف غازى عنيزان الرشيدى .
250 _aط.1
260 _aالاردن :
_bمكتبة الفلاح للنشر و التوزيع ،
_c2014 .
300 _a246 ص ؛
_c24 سم .
504 _aيشتمل على ارجاعات ببليوجرافية
650 0 7 _2qrmak
_aمدارس المستقبل
650 0 7 _2qrmak
_aتنمية المهارات .
650 0 7 _2qrmak
_aمدارس المستقبل
_zالكويت .
651 _2qrmak
942 _2ddc
_cBK
999 _c62870
_d62870